EPIC: The Musical - Get in the water - Statistics

General Stats
  • This quiz has been taken 251 times
    173 since last reset
  • The average score is 218 of 273
Answer Stats
% Correct
a
97%
I
97%
The
97%
the
97%
THE
97%
you
96%
Polites (ghost) You
96%
are
94%
are,
94%
in
93%
IN
93%
What?
90%
be
89%
it.
89%
so
89%
So
89%
Odysseus There,
89%
there,
89%
there
89%
Poseidon There
89%
water.
89%
WATER!
89%
water!
89%
for.
88%
for
88%
For
88%
get
88%
Get
88%
Poseidon GET
88%
and
87%
No..
87%
NO!
87%
Odysseus No!
87%
Poseidon No.
87%
this
87%
this,
87%
been
86%
I've
86%
Odysseus Wait..
86%
your
86%
is,
85%
is
85%
My
85%
my
85%
son
85%
wife
85%
I'll
84%
waiting
84%
All ghosts together Waiting,
84%
waiting,
84%
Ithaca
83%
all
82%
coward.
82%
Home,
82%
home?
82%
of
82%
to
82%
will
82%
moment.
81%
or
81%
Or
81%
can
80%
die.
80%
DIE!
80%
drown.
80%
high,
80%
our
80%
Poseidon?
80%
see
80%
you're
80%
go
79%
go?
79%
please..
79%
raise
79%
That
79%
time
79%
close
78%
mercy
78%
perfect
78%
tide
78%
When
78%
when
78%
Odysseus Aren't
77%
can't
77%
can't.
77%
don't
77%
Don't
77%
reached
77%
Ruthlessness
77%
strike.
77%
tired
77%
upon
77%
forgive..
76%
It's
76%
Now
76%
OURSELVES!
76%
ten
76%
years,
76%
both
74%
friend..
74%
island
74%
learn
74%
long
74%
getting
73%
how
73%
just
73%
nervous.
73%
relax
73%
searching
73%
Odysseus Stop
73%
we've
73%
could
72%
got
72%
heart..
72%
on,
72%
on
72%
reputation,
72%
at
71%
have
71%
Odysseus.
71%
stay
71%
tell
71%
enough!
70%
eyes.
70%
his
70%
lived
70%
Eurylochus (ghost) Look
70%
make
70%
Odysseus Maybe
70%
Crew (ghosts) Oh,
70%
than
70%
that's
70%
you've
70%
lost
69%
mistake
69%
more
69%
name
69%
am
68%
bluff,
68%
I'm
68%
waves
68%
way,
68%
choose
67%
collide.
67%
past
67%
paths
67%
profound,
67%
We're
67%
why
67%
tidal
66%
unless
66%
almost
65%
coast,
65%
love,
65%
today!
65%
world
65%
cold.
64%
home's
64%
letting
64%
scared.
64%
these
64%
Hold
63%
uphold!
63%
from
62%
losses,
62%
shores.
62%
take
62%
forgets
60%
gouge
60%
here
59%
else
57%
not
57%
Penelope.
57%
threats
57%
leave
56%
learned.
55%
Holding
54%
hurting
52%
walk
49%
woah,
37%
ah..
34%
No matching quizzes found
Score Distribution
Percent of People with Each Score
Percentile by Number Answered
Your Score History
You have not taken this quiz since the last reset